|
|
|
|
| LEADER |
00812nam a2200217 a 4500 |
| 001 |
10181609 |
| 008 |
090716s1995 nyuac 000 0 eng d |
| 010 |
|
|
|a 38019462
|
| 020 |
|
|
|a 1853264326
|
| 040 |
|
|
|a DLC
|c RPB
|d RPB
|d DLC
|
| 082 |
|
|
|a 810.81
|2 20
|
| 100 |
1 |
|
|a Poe, Edgar Allan,
|d 1809-1849.
|
| 245 |
1 |
4 |
|a The works of Edgar Allan Poe ...
|
| 260 |
|
|
|a New York;
|a London:
|b W.J. Widdleton;
|b Wordsworth poetry library,
|c 1995.
|
| 300 |
|
|
|a 106 p.;
|c 20 cm.
|
| 504 |
|
|
|a Includes indexes.
|
| 541 |
1 |
|
|e 00014409
|
| 700 |
1 |
|
|a Griswold, Rufus W.
|q (Rufus Wilmot),
|d 1815-1857.
|
| 852 |
4 |
|
|a Ayesha Abed Library
|j General Shelf.
|
| 999 |
|
|
|c 2625
|d 2625
|
| 952 |
|
|
|0 0
|1 0
|2 ddc
|4 0
|6 810_810000000000000_POE
|7 0
|9 2391
|a BRACUL
|b BRACUL
|c GEN
|d 2009-07-21
|g 396.00
|l 3
|m 13
|o 810.81 POE
|p 3010014409
|r 2017-07-06
|s 2017-06-19
|t 1
|w 2009-07-21
|y BK
|